That face

Hlavní autor: Kerndl, Laďa, 1945-
Korporativní autor: Bigband Felixe Slováčka
Další autoři: Slováček, Felix, 1943-, Kučera, Jan, 1977-, Krebs, Mirko, 1944-
Jazyk: Angličtina
Vydáno: [Praha] : Multisonic, c2014
Témata:
Fyzický popis: 1 zvuková deska (45:16) : digital ; 12 cm
Zvukové nahrávky
Uloženo v:
LEADER 01746njm a2200397 a 4500
001 001461817
003 CZ BrMZK
005 20150408103651.0
007 sd fungnnmmned
008 150317p20142012xr jznng n eng d
024 3 |a 741941088329 
028 0 1 |a 310883-2 331  |b Multisonic 
040 |a BOA001  |b cze 
048 |b vu01  |a od01 
072 7 |a 784  |x Vokální hudba  |2 Konspekt  |9 9 
080 |a 78.036  |2 MRF 
080 |a (086.76)  |2 MRF 
100 1 |a Kerndl, Laďa,  |d 1945-  |7 mzk2003190830  |4 sng 
245 1 0 |a That face  |h [zvukový záznam] 
260 |a [Praha] :  |b Multisonic,  |c c2014 
300 |a 1 zvuková deska (45:16) :  |b digital ;  |c 12 cm 
500 |a Kompaktní deska 
500 |a Vybral a sestavil Felix Slováček a Laďa Kerndl ; aranžoval Jan Kučera a Mirko Krebs (14) 
505 0 0 |t That face --  |t Come live with me --  |t C'est si bon --  |t Hello --  |t Choo, choo boogie --  |t Teach me tonight --  |t Besame mucho --  |t South of the border --  |t Love is here to stay --  |t They can't take that away from me --  |t Goody, goody --  |t It was a very good year --  |t You are so beautiful 
511 0 |a Zpívá Laďa Kerndl, hraje Big Band Felixe Slováčka, řídí Felix Slováček 
518 |a Nahráno ve studiu A Českého rozhlasu v Praze 2012 
650 0 7 |a swing  |7 ph126343  |2 czenas 
655 7 |a kompaktní desky  |7 fd201991  |2 czenas 
700 1 |a Slováček, Felix,  |d 1943-  |7 jn19990209774  |4 cnd  |4 com 
700 1 |a Kučera, Jan,  |d 1977-  |7 pna2005292241  |4 arr 
700 1 |a Krebs, Mirko,  |d 1944-  |7 mzk2006343113  |4 arr 
710 2 |a Bigband Felixe Slováčka  |7 ko2003181142 
910 |a BOA001  |b CDR-1343.794 
990 |a AV 
991 |b 201504 
996 6 |b 2610625934  |c CDR-1343.794  |l MZK  |r Sklad / do 24 hodin  |n 0  |p p.v.  |w 001496803  |u 000010  |a 1  |e BOA001  |j MZK50  |s P